000 00530nam a2200205 a 4500
001 000027279
003 DO-SdBNP
005 20230214143529.0
007 ta
008 110331s1982 dr 000 0 spa d
040 _aDO-SdBNP
_bspa
_cBNPHU
049 _aBNPD
082 4 _222
100 1 _aRicart, Mejía
_954340
245 1 0 _aPráctica política a la dominicana /
_cMejía Ricar.
260 _aSanto Domingo :
_bAlfa y Omega,
_c1982.
300 _a300 p. ;
_c18 cm.
590 _aInventariado, 2023/BT
942 _2ddc
_cLBS1
999 _c26771
_d26771